Flags of Brazilian States - With State Shapes - Statistics

General Stats
  • This quiz has been taken 154 times
  • The average score is 20 of 27
Answer Stats
Picture Answer % Correct
Paraná
87%
Tocantins
87%
Rio de Janeiro
86%
Rio Grande do Sul
86%
Mato Grosso
84%
Goiás
83%
Paraíba
80%
Distrito Federal
78%
Espírito Santo
78%
Pernambuco
77%
Acre
75%
Ceará
75%
São Paulo
75%
Amazonas
74%
Roraima
74%
Maranhão
72%
Santa Catarina
71%
Amapá
69%
Minas Gerais
69%
Mato Grosso do Sul
67%
Sergipe
67%
Bahia
65%
Pará
65%
Piauí
65%
Rondônia
65%
Rio Grande do Norte
63%
Alagoas
62%
No matching quizzes found
Score Distribution
Percent of People with Each Score
Percentile by Number Answered
Your Score History
You have not taken this quiz